[Event "Canadian Open"]
[Site "Kitchener CAN"]
[Date "2006.07.22"]
[Round "8"]
[White "Hecht,HJ"]
[Black "Kagramanov,D"]
[Result "1/2-1/2"]
[WhiteElo "2394"]
[BlackElo "2076"]

1.d4 d5 2.c4 e6 3.Nf3 Nf6 4.g3 Be7 5.Bg2 O-O 6.O-O dxc4 7.Qc2 a6 8.a4 Bd7
9.Qxc4 Bc6 10.Bf4 Bd6 11.Bg5 Nbd7 12.Nc3 h6 13.Bxf6 Nxf6 14.Qd3 Bb4 15.Rfe1 Qe8
16.e4 Bxc3 17.bxc3 Bxa4 18.Qc4 b5 19.Qxc7 Rc8 20.Qa5 Qd8 21.Qxd8 Rfxd8 22.Ra3 Nd7
23.Bf1 Nb6 24.Ne5 a5 25.Rb1 f6 26.Nf3 Nc4 27.Bxc4 Rxc4 28.Nd2 Rc7 29.Kf1 Bc2
30.Rb2 Bd3+ 31.Kg2 a4 32.Kf3 Rdc8 33.c4 Bxc4 34.Nxc4 Rxc4 35.Rxb5 Rxd4 36.Ke3 Rcc4
37.f3 e5 38.Ra5 Rb4 39.h4 h5 40.Ra7 Kf8 41.Ra8+ Kf7 42.Ra7+ Kg6 43.Ra8 Rdc4
44.Kd3 Rc1 45.Ke3 Rc2 46.R8xa4 Rxa4 47.Rxa4 Rg2 48.Ra1 Rxg3 49.Rh1 Rg2 50.Rh3 f5
51.exf5+ Kxf5 52.Rh1 Rg3 53.Ra1 Rh3 54.Ra4 Rh1 55.Kf2 Rd1 56.Kg3 Rd3 57.Rb4 Rd4
58.Rb7 g5 59.hxg5 Kxg5 60.Rg7+ Kf5 61.Rf7+ Kg6 62.Re7 h4+ 63.Kh3 Kf6 64.Re8 Kf5
65.Rf8+ Kg5 66.Rg8+ Kf4 67.Rf8+ Ke3 68.Rf5  1/2-1/2

[Event "Czech Open A"]
[Site "Pardubice CZE"]
[Date "2006.07.22"]
[Round "2"]
[White "Hilmer,F"]
[Black "Richter,Mic"]
[Result "0-1"]
[WhiteElo "2201"]
[BlackElo "2389"]

1.d4 Nf6 2.c4 e6 3.g3 d5 4.Bg2 Be7 5.Nf3 O-O 6.O-O Nbd7 7.Qd3 b6 8.Nc3 Ba6
9.b3 c5 10.Nb5 Bxb5 11.cxb5 Rc8 12.Bb2 c4 13.Qc2 c3 14.Bc1 Qc7 15.Ne1 Qb7
16.Nd3 Ne4 17.a4 a6 18.f3 Nd6 19.Ba3 axb5 20.axb5 Rfe8 21.Bxd6 Bxd6 22.f4 g6
23.Rf3 Nf6 24.Ne5 Bxe5 25.fxe5 Ne4 26.Re3 Qd7 27.Bxe4 dxe4 28.Rxe4 Qxb5 29.Rf4 Qd5
30.Ra7 Rf8 31.h4 b5 32.e3 b4 33.h5 Ra8 34.Rxa8 Rxa8 35.Rf1 Ra7 36.Qf2 Qd8
37.Qf4 g5 38.Qe4 Qa8  0-1

[Event "Canadian Open"]
[Site "Kitchener CAN"]
[Date "2006.07.23"]
[Round "9"]
[White "Roussel Roozmon,T"]
[Black "Kagramanov,D"]
[Result "1-0"]
[WhiteElo "2430"]
[BlackElo "2076"]

1.d4 d5 2.c4 e6 3.Nf3 Nf6 4.g3 Be7 5.Bg2 O-O 6.O-O dxc4 7.Nc3 c5 8.dxc5 Nc6
9.Qa4 Bxc5 10.Qxc4 Bb6 11.Rd1 Qe7 12.Bg5 h6 13.Bxf6 Qxf6 14.e3 Ba5 15.Rac1 Rb8
16.a3 Bxc3 17.Qxc3 e5 18.Nd2 Bg4 19.Ne4 Qe7 20.Rd2 Nd4 21.exd4 Rbc8 22.Nc5 b6
23.Qe3 bxc5 24.dxe5 Rfe8 25.h3 Bf5 26.Rd5 c4 27.Qd4 Be6 28.Rd6 Rb8 29.Bf1 Qb7
30.Rc2 Qb3 31.Rd2 a5 32.Bg2 Rec8 33.Bd5 Bxd5 34.Qxd5 c3 35.bxc3 a4 36.c4 Qxa3
37.e6 fxe6 38.Rxe6 Kh8 39.Rxh6+ gxh6 40.Qe5+ Kg8 41.Qe6+ Kh8 42.Qf6+ Kg8
43.Rd7  1-0

[Event "Dutch Open"]
[Site "Dieren NED"]
[Date "2006.07.25"]
[Round "1"]
[White "Roktim,B"]
[Black "Holtackers,D"]
[Result "1-0"]
[WhiteElo "2365"]
[BlackElo "2130"]

1.d4 Nf6 2.Nf3 d5 3.c4 e6 4.g3 Be7 5.Bg2 c6 6.Nbd2 Nbd7 7.O-O Nf8 8.Qc2 Ng6
9.e4 dxe4 10.Nxe4 Nxe4 11.Qxe4 O-O 12.h4 Re8 13.Rd1 Bd7 14.h5 Nf8 15.h6 Ng6
16.hxg7 c5 17.Qxb7 Rb8 18.Qe4 Qc7 19.Ne5 cxd4 20.Nxg6 hxg6 21.Bf4 e5 22.Bxe5 Bd6
23.Qh4  1-0

[Event "Czech Open A"]
[Site "Pardubice CZE"]
[Date "2006.07.25"]
[Round "5"]
[White "Nogly,C"]
[Black "Ivanov,Al3"]
[Result "0-1"]
[WhiteElo "2302"]
[BlackElo "2408"]

1.d4 Nf6 2.c4 e6 3.Nf3 d5 4.g3 Be7 5.Bg2 O-O 6.O-O dxc4 7.Nc3 Nc6 8.e4 a6
9.Qe2 Nxd4 10.Nxd4 Qxd4 11.Rd1 Qc5 12.Be3 Qa5 13.Bd2 Qb6 14.Be3 c5 15.e5 Nd7
16.f4 Qc7 17.a4 Rb8 18.Qxc4 b6 19.b4 b5 20.axb5 Nb6 21.Qe2 cxb4 22.Ne4 axb5
23.Nd6 Na4 24.Nxb5 Ba6 25.Nxc7 Bxe2 26.Rd7 b3 27.Rxa4 b2 28.Be4 Bf3 29.Bb1 Bc6
30.Rad4 Bc5 31.R7d6 Bxd4 32.Bxd4 Bf3 33.Na6 Rb5 34.Kf2 Bh5 35.Nc5 Bg6 36.Na4 Bxb1
37.Nxb2 h5 38.Rb6 Rd5 39.Ke3 Rfd8 40.Rb4 Ra8 41.Nd1 Bf5 42.Nc3 Rda5 43.Rb3 Ra1
44.h4 Rg1 45.Ne2 Rd1 46.Bb2 Ra2 47.Nc3 Rd3+  0-1

[Event "MTO Open"]
[Site "Biel SUI"]
[Date "2006.07.28"]
[Round "5"]
[White "Avrukh,B"]
[Black "Jenni,F"]
[Result "1/2-1/2"]
[WhiteElo "2641"]
[BlackElo "2481"]

1.d4 Nf6 2.c4 e6 3.g3 d5 4.Nf3 Be7 5.Bg2 O-O 6.O-O dxc4 7.Qc2 a6 8.Qxc4 b5
9.Qc2 Bb7 10.Bd2 Be4 11.Qc1 Qc8 12.Bg5 c5 13.Nbd2 Bb7 14.dxc5 Qxc5 15.Qxc5 Bxc5
16.Rfc1 Bd6 17.Bxf6 gxf6 18.Ne1 Bxg2 19.Kxg2 Bb4 20.Ne4 Bxe1 21.Rxe1 f5 22.Nf6+ Kg7
23.Nh5+ Kh6 24.Nf4 Nd7 25.e4 fxe4 26.Rxe4 Rac8 27.Re2 Nf6 28.a4 b4 29.Rd1 Rfd8
30.Red2 Rxd2 31.Rxd2 a5 32.Kf3 Rc1 33.Nd3 Ra1 34.Nc5 Kg6 35.h3 Nd5 36.Ke4 b3
37.Ke5 h5 38.Kd6 Ra2 39.Kc6 Nc3 40.Nxb3 Nxa4 41.Nxa5 Rxb2 42.Nc4 Rxd2 43.Nxd2 Nc3  1/2-1/2

[Event "Czech Open A"]
[Site "Pardubice CZE"]
[Date "2006.07.28"]
[Round "8"]
[White "Genutis,M"]
[Black "Richter,Mic"]
[Result "0-1"]
[WhiteElo "2259"]
[BlackElo "2389"]

1.d4 Nf6 2.c4 e6 3.g3 d5 4.Bg2 Be7 5.Nf3 O-O 6.O-O Nbd7 7.Nc3 c6 8.b3 b6
9.Bb2 Bb7 10.e3 Rc8 11.Rc1 Rc7 12.Qe2 Qa8 13.Rfd1 Rcc8 14.Ne5 Rfd8 15.f4 dxc4
16.bxc4 c5 17.Nxd7 Nxd7 18.d5 Bf6 19.g4 Nf8 20.Qc2 h6 21.Be4 Re8 22.Ba1 exd5
23.cxd5 c4 24.Rd2 a6 25.Rg2 b5 26.g5 hxg5 27.fxg5 Be5 28.Bf5 Qa7 29.Kh1 Qxe3
30.Bxc8 Rxc8 31.Rf1 Bxc3 32.Qxc3 Qxc3 33.Bxc3 Bxd5 34.Rf5 Bxg2+ 35.Kxg2 Ne6
36.Kf3 b4  0-1

[Event "35th TCh-GRE"]
[Site "Ermioni GRE"]
[Date "2006.07.??"]
[Round "8"]
[White "Foukakis,T"]
[Black "Antoniou,A"]
[Result "1/2-1/2"]
[WhiteElo "2210"]
[BlackElo "2179"]

1.Nf3 Nf6 2.c4 e6 3.g3 d5 4.d4 Be7 5.Bg2 O-O 6.O-O c6 7.Nbd2 Nbd7 8.Qc2 b6
9.e4 Bb7 10.e5 Ne8 11.b3 Rc8 12.Bb2 c5 13.dxc5 Nxc5 14.Rfd1 a6 15.Rac1 Qc7
16.b4 Nd7 17.Qa4 Bc6 18.Qb3 dxc4 19.Rxc4 b5 20.Rc3 Qb7 21.Qc2 Nb6 22.Rc1 Na4
23.Ng5 Bxg5 24.Rxc6 Rxc6 25.Bxc6 Qb8 26.Ba1 Be7 27.a3 h6 28.Be4 Bd8 29.Qc6 Bb6
30.Bc2 Qa7 31.Ne4 Nc7 32.Bxa4 bxa4 33.Qxa4 Rd8 34.Rd1 Nd5 35.Qc2 a5 36.b5 Qd7
37.Nd6 Bc7 38.Qe2 Bxd6 39.exd6 Qxd6 40.Qg4 Qf8 41.Be5 f5 42.Qg6 Qf7 43.Qxf7+ Kxf7
44.Rc1 Rd7  1/2-1/2

[Event "MTO Open"]
[Site "Biel SUI"]
[Date "2006.08.01"]
[Round "8"]
[White "Adianto,U"]
[Black "Novikov,Ma"]
[Result "1-0"]
[WhiteElo "2580"]
[BlackElo "2546"]

1.d4 d5 2.Nf3 Nf6 3.c4 e6 4.g3 Be7 5.Bg2 O-O 6.O-O dxc4 7.Qc2 a6 8.Qxc4 b5
9.Qc2 Bb7 10.Bf4 Nd5 11.Nc3 Nxf4 12.gxf4 Nd7 13.Rfd1 Qc8 14.Ne4 c5 15.dxc5 Nxc5
16.Nxc5 Qxc5 17.Qxc5 Bxc5 18.Ne5 Bxg2 19.Kxg2 Rfd8 20.Rxd8+ Rxd8 21.Rc1 Bf8
22.Kf3 f6 23.Nd3 a5 24.Rc7 Rd5 25.b3 h6 26.Ra7 b4 27.Rc7 Rh5 28.Kg2 Rd5 29.h3 g5
30.fxg5 hxg5 31.Rc2 Kf7 32.Nb2 Be7 33.Nc4 Bd8 34.Kf3 Rf5+ 35.Kg2 Rd5 36.Ne3 Rd4
37.Rc8 f5 38.Nc4 Kf6 39.e3 Rd1 40.Ra8 Rd5 41.Kf3 Bc7 42.Ra7 Rc5 43.Ke2 Kg6
44.Ra6 Kf7 45.f3 Ke7 46.e4 Kd7 47.Ra8 Kc6 48.Rg8 fxe4 49.fxe4 a4 50.Kd3 axb3
51.axb3 Bf4 52.Rg6 Kd7 53.Kd4 Rb5 54.Rg7+ Kc6 55.Re7 e5+ 56.Nxe5+ Kd6 57.Ng6 Bd2
58.e5+ Kc6 59.Re6+ Kc7 60.Kc4 Ra5 61.Rf6 Bc3 62.Rf7+ Kc6 63.Ne7+ Kd7 64.Nd5+ Ke6
65.Re7+ Kf5 66.e6 Ra8 67.Nc7 Rh8 68.Rf7+ Kg6 69.Nd5  1-0

[Event "15th Open A"]
[Site "Vienna AUT"]
[Date "2006.08.01"]
[Round "4"]
[White "Beckhuis,G"]
[Black "Kreindl,H"]
[Result "1-0"]
[WhiteElo "2327"]
[BlackElo "2200"]

1.d4 d5 2.c4 e6 3.Nf3 Nf6 4.g3 Be7 5.Bg2 O-O 6.O-O dxc4 7.Qc2 a6 8.Qxc4 b5
9.Qc2 Bb7 10.Bd2 Be4 11.Qc1 Bb7 12.e3 Qc8 13.b4 Nc6 14.Qb2 a5 15.bxa5 Nxa5
16.Rc1 c6 17.Bb4 Bxb4 18.Qxb4 Nd5 19.Qb2 Nc4 20.Qb3 Ra4 21.Nc3 Nxc3 22.Rxc3 Qa8
23.Ne1 Qa5 24.Nc2 Ra8 25.h4 h5 26.Rd3 g6 27.Rc3 Kf8 28.a3 Ke8 29.Kh2 Kd7
30.e4 Ke8 31.Rd3 Qb6 32.Ne3 Rxa3 33.Nxc4 Rxb3 34.Nxb6 Rxd3 35.Nxa8 Rxd4 36.Ra7 Bxa8
37.Rxa8+ Kd7 38.Ra7+ Kc8 39.e5 c5 40.Rxf7 b4 41.Rb7 Rc4 42.Re7 b3 43.Rxe6 Rb4
44.Rc6+ Kd8 45.Bd5 b2 46.Ba2 Rc4 47.Bb1 Rc1 48.Bxg6 c4 49.g4 hxg4 50.h5 c3
51.h6 c2 52.Rxc2 b1=Q 53.Rd2+ Ke7 54.Bxb1 Rxb1 55.Kg3 Ke6 56.Kf4 Rb4+ 57.Kg5 Kxe5
58.Re2+ Kd6 59.h7 Rb8 60.Kf6 Kd5 61.Re7 Kd6 62.Re4 Kd5 63.Rxg4 Rb6+ 64.Kg5 Rb8
65.Kh6  1-0

[Event "MTO Open"]
[Site "Biel SUI"]
[Date "2006.08.03"]
[Round "10"]
[White "Raetsky,A"]
[Black "Citak,S"]
[Result "1/2-1/2"]
[WhiteElo "2412"]
[BlackElo "2258"]

1.d4 Nf6 2.c4 e6 3.g3 d5 4.Bg2 Be7 5.Nf3 O-O 6.O-O c5 7.cxd5 exd5 8.Nc3 Nc6
9.dxc5 Bxc5 10.Bg5 d4 11.Bxf6 Qxf6 12.Nd5 Qd8 13.Nd2 Re8 14.Re1 Bg4 15.Rc1 Bb6
16.Nc4 Bc5 17.a3 Rc8 18.Nf4 Qg5 19.b4 Bf8 20.Qb3 b5 21.Nd2 Ne5 22.Ne4 Qd8
23.Rxc8 Qxc8 24.Qd5 Qc4 25.h3 Bf5 26.Rd1 Qxd5 27.Nxd5 Bxe4 28.Bxe4 Nc4 29.Rxd4 Nxa3
30.Bd3 Rc8 31.Ne3 g6 32.Kg2 Ra8 33.Be4 Rc8 34.Bd3 Ra8 35.h4 a5 36.Be4 Ra7
37.bxa5 Rxa5 38.Rd7 Nc4 39.Nxc4 bxc4 40.Bd5 c3 41.Bxf7+ Kh8 42.Rc7 Rc5 43.Rxc5 Bxc5
44.Bb3 Kg7 45.f4 h5 46.Kf3 Be7 47.e4 Bd8 48.Bc2 Be7 49.g4 Bxh4 50.g5 Kf7
51.Bb3+ Ke7 52.e5 Be1 53.Bc2 Kf7 54.e6+ Kxe6 55.Bxg6 Bd2 56.Bc2  1/2-1/2

[Event "15th Open A"]
[Site "Vienna AUT"]
[Date "2006.08.05"]
[Round "8"]
[White "Marjanovic,Slavk"]
[Black "Sabel,R"]
[Result "1-0"]
[WhiteElo "1967"]
[BlackElo "2059"]

1.d4 d5 2.Nf3 Nf6 3.c4 e6 4.g3 Be7 5.Bg2 O-O 6.O-O b6 7.cxd5 exd5 8.Nc3 Bb7
9.Qc2 Nbd7 10.Bf4 c6 11.Rfe1 Re8 12.h3 Nf8 13.Rad1 Ng6 14.Bc1 Bd6 15.e4 Nxe4
16.Nxe4 dxe4 17.Rxe4 Qc7 18.Rde1 Rxe4 19.Qxe4 c5 20.Qe2 Rd8 21.dxc5 Bxc5
22.Be3 Re8 23.Qd2 Rd8 24.Bxc5 bxc5 25.Qe3 Nf8 26.b3 Ne6 27.Rc1 Qa5 28.Ng5 Nxg5
29.Bxb7 Ne6 30.a4 Qb4 31.Ba6 Qd4 32.Re1 Qxe3 33.Rxe3 Kf8 34.Bc4 Ke7 35.Re5 Rd1+
36.Kg2 Kd6 37.Rf5 Nd8 38.Bxf7 g6 39.Rf3 Nxf7 40.Rxf7 Rb1 41.Rxh7 Rxb3 42.Rxa7 Rb6
43.Kf3 Kd5 44.a5 Rc6 45.Ke3 c4 46.Rd7+ Ke6 47.Rd2 Rc5 48.Ra2 c3 49.Kd3 c2
50.Rxc2 Rxa5 51.Ke4 Ra4+ 52.Kf3 Kf5 53.Rc5+ Kf6 54.h4 Ra3+ 55.Kg4 Ra4+ 56.f4 Ra3
57.h5 gxh5+ 58.Rxh5 Kg6 59.Rb5  1-0

[Event "San Agustin Open"]
[Site "Aviles ESP"]
[Date "2006.08.06"]
[Round "2"]
[White "Karakehajov,K"]
[Black "Yilmaz,M"]
[Result "1/2-1/2"]
[WhiteElo "2451"]
[BlackElo "2086"]

1.d4 d5 2.Nf3 Nf6 3.c4 e6 4.g3 Be7 5.Bg2 O-O 6.O-O Nbd7 7.Qc2 Ne4 8.b3 f5
9.Ba3 Bxa3 10.Nxa3 c6 11.Rad1 a5 12.Nb1 Qe7 13.Ne1 Ndf6 14.Nd3 Bd7 15.f3 Nd6
16.Nd2 b5 17.cxd5 Nxd5 18.Qc5 Ne3 19.Ne5 Rfc8 20.f4 Nxf1 21.Rxf1 Ra6 22.Ndc4 bxc4
23.Nxc4 Be8 24.Qxd6 Qxd6 25.Nxd6 Rb8 26.Rc1 Bd7 27.Rc4 a4 28.Rxa4 Rxa4 29.bxa4 Rb4
30.a5 Ra4 31.Nb7 Rxa2 32.Kf2 Kf8 33.Nd8 Ke7 34.Nxc6+ Bxc6 35.Bxc6 Rxa5 36.h3 Kd6
37.Bf3 Ra3 38.h4  1/2-1/2

[Event "HZ Open"]
[Site "Vlissingen NED"]
[Date "2006.08.06"]
[Round "2"]
[White "Tiggelman,R"]
[Black "Schut,L"]
[Result "1/2-1/2"]
[WhiteElo "2211"]
[BlackElo "1971"]

1.d4 Nf6 2.Nf3 d5 3.c4 e6 4.g3 Be7 5.Bg2 O-O 6.O-O b6 7.cxd5 exd5 8.Ne5 Bb7
9.Qc2 Na6 10.Nc6 Qd7 11.Nxe7+ Qxe7 12.Nc3 c5 13.Bg5 h6 14.Bxf6 Qxf6 15.dxc5 bxc5
16.Nxd5 Bxd5 17.Bxd5 Nb4 18.Qxc5 Nxd5 19.Qxd5 Qxb2 20.e3 Rfd8 21.Qa5 Qb6
22.Qxb6 axb6 23.a4 Rd5 24.Rfb1 Ra6 25.Rb4 Rda5 26.Rab1 Rxa4 27.Rxa4 Rxa4
28.Rxb6 Kh7 29.Rb7 f6 30.h4 h5 31.Kg2 f5 32.Kf3 Kg6 33.Rd7 Kf6 34.Rd6+ Ke7
35.Rd4 Ra6 36.Kf4 Kf6 37.f3 Re6 38.e4 fxe4 39.fxe4 g6 40.Ra4 Rb6 41.e5+ Ke6
42.Rd4 Rb3 43.Rd6+ Kf7 44.Rd4 Ke6 45.Ra4 Rc3 46.Re4 Ra3 47.Rc4 Rb3 48.Rc6+ Kf7
49.Rc4 Ke6 50.g4 hxg4 51.Kxg4 Kxe5 52.Rc6 Rb1 53.Rxg6 Rg1+ 54.Kh5 Rh1 55.Kg5 Rg1+
56.Kh6 Rh1 57.h5 Kf5 58.Rg2 Kf6 59.Rf2+ Ke6 60.Kg6 Rg1+ 61.Kh7 Ke7 62.h6 Rh1
63.Kg7 Rg1+ 64.Kh8 Rh1 65.h7 Rg1 66.Ra2 Kf7 67.Ra7+ Kf8 68.Ra8+ Kf7 69.Rg8 Ra1
70.Rg7+ Kf6 71.Rg2 Kf7 72.Rf2+ Kg6 73.Rf8 Ra7 74.Rg8+ Kh6 75.Rg7 Rxg7  1/2-1/2

[Event "107th Annual US Open"]
[Site "Chicago USA"]
[Date "2006.08.07"]
[Round "3"]
[White "Daroza,E"]
[Black "Mulyar,M"]
[Result "0-1"]
[WhiteElo "2121"]
[BlackElo "2391"]

1.Nf3 d5 2.c4 e6 3.g3 Nf6 4.Bg2 Be7 5.d4 O-O 6.O-O c6 7.Qc2 Nbd7 8.Nbd2 b6
9.b3 Bb7 10.Bb2 c5 11.Rfd1 Rc8 12.dxc5 Bxc5 13.e3 Qe7 14.Rac1 dxc4 15.bxc4 Ba3
16.Bxa3 Qxa3 17.Qb3 Qc5 18.Qb5 Qc7 19.Nb3 Rfd8 20.Rd4 Bc6 21.Qb4 Qb7 22.Ne1 Bxg2
23.Nxg2 Ne5 24.Ne1 Rd7 25.Qb5 Rxd4 26.exd4 Nf3+ 27.Nxf3 Qxf3 28.c5 Ne4 29.Qf1 h6
30.Re1 bxc5 31.Re3 Qf5 32.f3 Nf6 33.dxc5 Rd8 34.Qc1 Nd5 35.Nd4 Qf6 36.Re4 e5
37.Nb3 Qxf3 38.Qe1 f6 39.c6 Rc8 40.Na5 Kh7 41.h4 Ne7 42.Kh2 Nxc6 43.Qb1 f5
44.Rc4 Rd8  0-1

[Event "Acropolis Women's Open"]
[Site "Athens GRE"]
[Date "2006.08.13"]
[Round "1"]
[White "Grapsa,G"]
[Black "Nikolaidou,E"]
[Result "1-0"]
[WhiteElo "2098"]
[BlackElo "1897"]

1.d4 d5 2.Nf3 Nf6 3.c4 e6 4.g3 Be7 5.Bg2 O-O 6.O-O dxc4 7.Ne5 Nc6 8.Nxc6 bxc6
9.Bxc6 Rb8 10.e3 Bb7 11.Bxb7 Rxb7 12.Nd2 c3 13.bxc3 c5 14.Qf3 Qd7 15.Ba3 Rfb8
16.Nb3 Qd5 17.Qxd5 Nxd5 18.c4 Nb4 19.Bxb4 Rxb4 20.Na5 R8b6 21.d5 Ra4 22.Nc6 Bf6
23.Rac1 Rxa2 24.e4 Bg5 25.Ra1 Rbb2 26.Rxa2 Rxa2 27.Rb1 g6 28.Rb8+ Kg7 29.f4 Bh6
30.d6 Rd2 31.e5 g5 32.Ne7 f6 33.Rb7 gxf4 34.Nd5+ Kg6 35.d7 exd5 36.d8=Q fxe5
37.Qg8+ Kf5 38.Qxh7+  1-0

[Event "Acropolis Open"]
[Site "Athens GRE"]
[Date "2006.08.13"]
[Round "1"]
[White "Sriram,J"]
[Black "Sigalas,F"]
[Result "1/2-1/2"]
[WhiteElo "2408"]
[BlackElo "2199"]

1.d4 Nf6 2.c4 e6 3.g3 d5 4.Bg2 Be7 5.Nf3 O-O 6.O-O dxc4 7.Qc2 a6 8.a4 Bd7
9.Qxc4 Bc6 10.Bg5 Bd5 11.Qc2 Be4 12.Qc1 Nbd7 13.Nc3 Bc6 14.Re1 h6 15.Bf4 Bb4
16.Qc2 Bxf3 17.Bxf3 c6 18.e4 Qa5 19.e5 Nd5 20.Bd2 c5 21.Bxd5 exd5 22.dxc5 Nxc5
23.Red1 Rfd8 24.Be3 Ne6 25.Ne2 d4 26.Nxd4 Qxe5 27.Nxe6  1/2-1/2

[Event "Open"]
[Site "Predeal ROM"]
[Date "2006.08.14"]
[Round "3"]
[White "Cosma,E"]
[Black "Padurariu,I"]
[Result "1-0"]
[WhiteElo "2355"]
[BlackElo "2221"]

1.d4 d5 2.c4 e6 3.Nf3 Nf6 4.g3 Be7 5.Bg2 O-O 6.O-O dxc4 7.Qc2 a6 8.a4 Bd7
9.Qxc4 Bc6 10.Bg5 Bd5 11.Qc1 h6 12.Bxf6 Bxf6 13.Nc3 Bxf3 14.Bxf3 c6 15.e3 a5
16.Ne4 Be7 17.Rd1 Na6 18.Bg2 Qc7 19.h4 Rfd8 20.Nc3 Rac8 21.Bh3 Nb4 22.Qb1 Qb6
23.Rd2 Rc7 24.Ne4 Rcd7 25.Qf1 f5 26.Nc3 c5 27.dxc5 Bxc5 28.Rxd7 Rxd7 29.Rd1 Qd8
30.Rxd7 Qxd7 31.Qc4 b6 32.Bxf5 Kf7 33.h5 Ke7 34.Qh4+ Kf8 35.Bg6 Nd5 36.Nxd5 exd5
37.Qf4+ Ke7 38.Qe5+ Kf8 39.Qb8+ Ke7 40.Qg8 Kf6 41.Kg2 Bb4 42.Qb8 Bc5 43.Qf4+ Ke7
44.Qe5+ Kd8 45.Bf5 Qb7 46.Kg1 Qf7 47.Be6 Qc7 48.Qxd5+ Ke7 49.Qe4 Qd6 50.Bc4+ Kf8
51.Qf5+ Qf6 52.Qd7 Qe7 53.Qc8+ Qe8 54.Qb7 Qe7 55.Qf3+ Qf6 56.Qb7 Qe7 57.Qd5 Qf6
58.Kg2 Ke7 59.Qe4+ Kd8 60.Bb5 Kc7 61.b3 Qe7 62.Qg4 Qf7 63.Bc4 Qf6 64.Qe4 Qe7
65.Qa8 Qe5 66.Qa7+ Kd8 67.Qb7 Qc7 68.Qe4 Qe7 69.Qd5+ Qd7 70.Qe5 Qe7 71.Qb8+ Kd7
72.Bb5+ Ke6 73.Qf4 Qf6 74.Qc7 Qf8 75.Bc4+ Kf6 76.Qc6+ Ke7 77.Qe6+ Kd8 78.Bb5 Qe7
79.Qc6 Qd6 80.Qe8+ Kc7 81.Qf7+ Qe7 82.Qg6 Bd6 83.Kf3 Qf8+ 84.Ke2 Qe7 85.Qf5 Be5
86.Qe4 Qf6 87.Qc4+ Kb8 88.Ba6 Ka7 89.Bc8 Kb8 90.Be6 Qe7 91.Qc8+ Ka7 92.Bd5 Bb8
93.Qc6  1-0

[Event "Acropolis Open"]
[Site "Athens GRE"]
[Date "2006.08.17"]
[Round "5"]
[White "Khetsuriani,B"]
[Black "Sigalas,F"]
[Result "0-1"]
[WhiteElo "2393"]
[BlackElo "2199"]

1.d4 Nf6 2.c4 e6 3.g3 d5 4.Bg2 Be7 5.Nf3 O-O 6.O-O dxc4 7.Qc2 a6 8.Qxc4 b5
9.Qc2 Bb7 10.Bd2 Ra7 11.Rd1 Qc8 12.a4 b4 13.Bf4 Be4 14.Qc1 c5 15.Nbd2 Bd5
16.Nc4 Nbd7 17.Nd6 Qc6 18.dxc5 Qxc5 19.Be3 Qxc1 20.Raxc1 Raa8 21.Nc4 Rac8
22.Nfe5 Nxe5 23.Nxe5 Bxg2 24.Kxg2 Nd5 25.Bd2 f5 26.Rxc8 Rxc8 27.Rc1 Rxc1
28.Bxc1 b3 29.Nc6 Bf6 30.Na5 Nb6 31.Nxb3 Nxa4 32.Kf3 Kf7 33.Ke3 Nxb2 34.Kd2 Nc4+
35.Kd3 Ne5+ 36.Kd2 Nc6 37.Kd3 Ne5+ 38.Kd2 Be7 39.h3 Bb4+ 40.Ke3 Nc4+ 41.Kd4 Nd6
42.Bf4 Ke7 43.Nc1 Ba5 44.f3 Bb6+ 45.Kc3 Kd7 46.Nd3 Nf7 47.Kc4 g6 48.Nc5+ Bxc5
49.Kxc5 e5 50.Bc1 Ke6 51.Kb6 Kd5 52.Kxa6 e4 53.fxe4+ Kxe4 54.Kb5 Nd8 55.Kc4 Ne6
56.Ba3 Nd4 57.e3 Nc2  0-1

[Event "Acropolis Open"]
[Site "Athens GRE"]
[Date "2006.08.19"]
[Round "7"]
[White "Romanishin,O"]
[Black "Esen,B"]
[Result "1-0"]
[WhiteElo "2555"]
[BlackElo "2459"]

1.d4 Nf6 2.Nf3 e6 3.g3 d5 4.Bg2 Be7 5.c4 O-O 6.O-O dxc4 7.Qc2 a6 8.a4 Bd7
9.Qxc4 Bc6 10.Bg5 Bd5 11.Qd3 Be4 12.Qe3 Nbd7 13.Nc3 Bc6 14.Qd3 h6 15.Bxf6 Bxf6
16.e4 Ne5 17.Nxe5 Bxe5 18.Rfd1 Bd6 19.Qc4 a5 20.Rac1 Bb4 21.h4 Qe7 22.d5 exd5
23.exd5 Be8 24.b3 Bd7 25.d6 Bxd6 26.Bxb7 Rab8 27.Re1 Qd8 28.Bd5 c6 29.Bg2 Rb4
30.Qd3 Be6 31.Bxc6 Rxb3 32.Red1 Be7 33.Bd5 Bxd5 34.Qxd5 Qxd5 35.Nxd5 Ba3
36.Rc7 Rfb8 37.Kg2 R3b7 38.Rc6 Rb2 39.Rd4 Bb4 40.Rf4 Rd8 41.Nb6 Rbd2 42.Nc4 R2d5
43.Rc7 f6 44.Ra7 Bc3 45.Rf3 Bb4 46.Rf4 Bc3 47.Ne3 R5d7 48.Ra6 Bd2 49.Re4 Rd4
50.Kf3 R4d7 51.Nc4 Bb4 52.Nxa5 Rd3+ 53.Kg2 Bxa5 54.Rxa5 R8d7 55.h5 Kf7 56.g4 Rd2
57.Ra8 Ra2 58.Rb4 Rc7 59.Kg3 Ra3+ 60.Kf4 Rac3 61.Rd8 Ra7 62.Rdb8 Rcc7 63.f3 Re7
64.Kg3 Red7 65.Rh8 Ra5 66.Rhb8 Raa7 67.R8b5 Re7 68.a5 Ra6 69.Rc5 Rd6 70.Rcb5 Ra6
71.Kf4 Raa7 72.Rc5 Ra8 73.Rb6 Raa7 74.a6 Rad7 75.Rc4 Ra7 76.Rc8 Rad7 77.Rcb8 Rd4+
78.Kg3 f5 79.gxf5 Rd5 80.Kg4 Ra5 81.R8b7 Ra4+ 82.f4 Ra5 83.Rxe7+ Kxe7 84.Rb7+ Kf6
85.Rb6+ Kf7 86.Rc6 Ra3 87.Rc7+ Kf6 88.a7 Ra4 89.Rb7 Ra3 90.Rd7 Ra1 91.Kf3 Ra4
92.Ke3 Ra3+ 93.Ke4  1-0

[Event "Petrovskaja Ladja A1"]
[Site "Peterhof RUS"]
[Date "2006.08.19"]
[Round "9"]
[White "Kosarev,D"]
[Black "Karpov,Alexa"]
[Result "0-1"]
[WhiteElo "2173"]
[BlackElo "2352"]

1.d4 d5 2.c4 e6 3.Nf3 Nf6 4.g3 Be7 5.Bg2 O-O 6.O-O dxc4 7.Ne5 c5 8.dxc5 Qc7
9.Nxc4 Qxc5 10.b3 Rd8 11.Qe1 Qh5 12.Ba3 Bxa3 13.Nbxa3 Nc6 14.Rd1 Rxd1 15.Qxd1 Bd7
16.Bf3 Qc5 17.Qd6 Qxd6 18.Nxd6 Nd4 19.Nac4 Nxf3+ 20.exf3 Ne8 21.Rd1 Nxd6
22.Nxd6 Bc6 23.f4 Kf8 24.Kf1 Rd8 25.Ke1 b5 26.a4 a6 27.axb5 axb5 28.f3 f5
29.Rd4 Ke7 30.Nxb5 Bxb5 31.Rb4 Rd5  0-1

[Event "Acropolis Open"]
[Site "Athens GRE"]
[Date "2006.08.20"]
[Round "8"]
[White "Esen,B"]
[Black "Sigalas,F"]
[Result "1/2-1/2"]
[WhiteElo "2459"]
[BlackElo "2199"]

1.d4 Nf6 2.c4 e6 3.Nf3 d5 4.g3 Be7 5.Bg2 O-O 6.O-O dxc4 7.Qc2 a6 8.a4 Bd7
9.Qxc4 Bc6 10.Bg5 Bd5 11.Qd3 Be4 12.Qe3 Nbd7 13.Nc3 Bc6 14.Qd3 Bb4 15.Rfe1 Bxf3
16.Bxf3 c6 17.Red1 Qa5 18.h4 h6 19.Bf4 e5 20.Be3 exd4 21.Bxd4 Ne5 22.Qf5 Nxf3+
23.Qxf3 Be7 24.e4 Rad8 25.e5 Nd7 26.e6 fxe6 27.Qg4 e5 28.Be3 Nf6 29.Qe6+ Rf7
30.Rxd8+ Qxd8 31.Qxe5 Ng4 32.Qe6 Nxe3 33.Qxe3 Bf6 34.Rd1 Qe7 35.Qd3 Rf8 36.Qc4+  1/2-1/2

[Event "Stukkenjagers Weekend"]
[Site "Tilburg NED"]
[Date "2006.08.20"]
[Round "6"]
[White "Peek,Mau"]
[Black "Freeke,M"]
[Result "1-0"]
[WhiteElo "2375"]
[BlackElo "2176"]

1.d4 d5 2.c4 e6 3.Nf3 Nf6 4.g3 Be7 5.Bg2 O-O 6.O-O dxc4 7.Na3 Bxa3 8.bxa3 Nc6
9.Bb2 Nd5 10.Qc2 Nb6 11.e3 Qe7 12.Nd2 e5 13.d5 Nb8 14.Nxc4 Qc5 15.Rac1 Nxd5
16.Bxe5 Nd7 17.Bd4 Qc6 18.Rfd1 Re8 19.Ba1 N7b6 20.Qb2  1-0

[Event "Canadian Closed zt"]
[Site "Toronto CAN"]
[Date "2006.08.20"]
[Round "3"]
[White "Zugic,I"]
[Black "Ochkoos,J"]
[Result "1-0"]
[WhiteElo "2467"]
[BlackElo "2305"]

1.Nf3 d5 2.d4 Nf6 3.g3 e6 4.Bg2 Be7 5.c4 O-O 6.O-O dxc4 7.Qa4 a6 8.Qxc4 b5
9.Qc2 Bb7 10.Bd2 Nc6 11.e3 Qb8 12.a3 b4 13.Rc1 a5 14.Ne1 Nd5 15.Nd3 Rc8 16.Be1 Nd8
17.Nd2 Nb6 18.Ne4 Nd7 19.Qa4 Nb6 20.Qd1 Nd7 21.axb4 axb4 22.Rxa8 Qxa8 23.Ra1 Qb8
24.Qa4 Bc6 25.Nf6+ Nxf6 26.Bxc6 Nxc6 27.Qxc6 b3 28.Ra5 Nd5 29.Rb5 Qa7 30.Qb7 Qxb7
31.Rxb7 f5 32.Rxb3 c5 33.Nxc5 Bxc5 34.dxc5 Rxc5 35.Bc3 Nxc3 36.Rxc3 Ra5 37.h4 Kf7
38.Kg2 Kf6 39.b4 Rb5 40.Rc4 h6 41.Kf3 g5 42.Ke2 Rb8 43.Kd3 Ke5 44.Rd4 Ra8
45.hxg5 hxg5 46.b5 g4 47.Kc3 Ra3+ 48.Kb2 Ra8 49.Kb3 Ra1 50.Rd2  1-0

[Event "23rd Open"]
[Site "Collado Villalba ESP"]
[Date "2006.08.23"]
[Round "5"]
[White "Suba,M"]
[Black "Roa Alonso,S"]
[Result "1-0"]
[WhiteElo "2533"]
[BlackElo "2418"]

1.Nf3 d5 2.c4 e6 3.g3 Nf6 4.Bg2 Be7 5.d4 O-O 6.O-O c6 7.Qc2 b6 8.Rd1 Bb7
9.b3 Na6 10.Nc3 Qc8 11.Bb2 Nb4 12.Qc1 c5 13.dxc5 dxc4 14.a3 Na6 15.b4 bxc5
16.b5 Nb4 17.Qf4 a6 18.bxa6 Bxa6 19.Ne5 Nbd5 20.Nxd5 Nxd5 21.Rxd5 exd5 22.Bxd5 Bf6
23.Bxa8 Qxa8 24.Bc3 Qd5 25.e4 Qd6 26.Rc1 Re8 27.Nxc4 Qxf4 28.gxf4 Bxc4 29.Bxf6 Bd3
30.Bb2 c4 31.f3 Rb8 32.Bc3 Ra8 33.Bb4 f5 34.e5 Kf7 35.Kf2 Ke6 36.Ke3 Kd5
37.Rg1 Ra7 38.h4 g6 39.Kd2 Ra6 40.Re1 Ke6 41.Kc3 Ra8 42.Ra1 Kd5 43.Ra2 Ra6
44.a4 Ra8 45.a5 Ra6 46.Be7 Bf1 47.Bd8 Bd3 48.Rb2 Ra8 49.Rb5+ Kc6 50.Rb6+ Kd7
51.Rd6+ Ke8 52.Bb6 Be2 53.h5 gxh5 54.Rh6 Bxf3 55.Rxh7 Kf8 56.e6 Kg8 57.Rf7 Be4
58.Bd4 Rxa5 59.Rg7+ Kf8 60.Rh7 Bd5 61.e7+ Ke8 62.Bf6 Bc6 63.Bg5 Ra3+ 64.Kxc4 Re3
65.Rxh5 Re6 66.Kc5 Ba4 67.Rh7 Bc6 68.Rh3 Kf7 69.Rh8 Kg6 70.Rf8 Bd7 71.Kd5 Re1
72.Rg8+ Kf7 73.Rf8+ Kg6 74.Kd6 Ba4 75.Rf6+ Kg7 76.Rxf5 Be8 77.Rf8 Bf7 78.f5 Rd1+
79.Ke5 Re1+ 80.Kd4 Rd1+ 81.Ke4 Bd5+ 82.Ke5 Bf7  1-0

[Event "Lichtenberger Sommer"]
[Site "Berlin GER"]
[Date "2006.08.24"]
[Round "6"]
[White "Meister,Y"]
[Black "Litwak,A"]
[Result "1/2-1/2"]
[WhiteElo "2504"]
[BlackElo "2222"]

1.c4 Nf6 2.g3 e6 3.Bg2 d5 4.Nf3 Be7 5.d4 O-O 6.O-O dxc4 7.Qc2 a6 8.a4 Bd7
9.Qxc4 Bc6 10.Nc3 a5 11.Bg5 Na6 12.Rac1 Nb4 13.Bxf6 Bxf6 14.e4 Qd7 15.b3 b6
16.Rfd1 Bb7 17.Qe2 Ba6 18.Qe3 Rad8 19.h4 Qc8 20.Nb5 c6 21.Na3 c5 22.Nc4 Na2
23.Rc2 Nb4 24.Rcc1 Na2 25.Nxb6 cxd4 26.Nxd4 Qb7 27.e5 Qxb6 28.exf6 gxf6 29.Rc6 Qa7
30.Qf4 Nb4 31.Rd6 Rxd6 32.Qxd6 Qb8 33.Qc5 Qe5 34.Qxe5 fxe5 35.Nf3 Nd3 36.Bf1 e4
37.Ng5 Rb8 38.Nxe4 Rxb3 39.Bxd3 Rxd3 40.Rxd3 Bxd3 41.Nc5 Bc4 42.Nb7 Bb3 43.Nxa5 Bxa4
44.Nc4 Kg7 45.Kg2 Bc6+ 46.Kh3 Bd5 47.Ne3 Be4 48.Kg4 Bd3 49.Kf4 f6 50.Nd1 Bc2
51.Nc3 Kg6 52.Ke3 e5 53.Nd5 Bb3 54.Ne7+ Kf7 55.Nc6 Bd5 56.Nb4 Bb7 57.Nd3 Kg6
58.Nb4 Kf5 59.Nc2 Kg6 60.Kd3 Ba6+ 61.Ke3 Bb7 62.Ne1 Kf5 63.Nd3 Kg6 64.f3 Kf5
65.g4+ Kg6 66.f4 exf4+ 67.Nxf4+ Kg7 68.Nh5+ Kg6 69.Kf4 Ba6 70.Ng3 Bd3 71.Nf5 Bxf5
72.h5+ Kg7 73.Kxf5 Kh6  1/2-1/2